000 00623nam a2200241Ia 4500
005 20250508165040.0
008 008 250505s9999 xx 000 0 eng d
020 _a81-248-0030-8
037 _aTextual
040 _aFEDL
_beng
_cFEDL
041 _aeng
_2eng
084 _a657.48, MON
_qFEDL
100 _aMonga J R
245 0 _aFinancial accounting
250 _a7
260 _aNoida, India
_bMayur Paperbacks
_c1993
300 _a742p.
365 _aINR
_b120
546 _aMACESE
700 _a Ahuja Girish Sehgal Ashok
_9779814
942 _cTEXL
_h657.48, MON
999 _c1392827
_d1392827